1199 1372 1637 1996 1361 1882 1817 1796 1255 1135 1371 1234 1022 1018 1055 1224 1047 1802 1883 1811 1154 1599 1079 1667 1993 1550 1167 1150 1695 1020 1843 1005 1842 1574 1604 1968 1078 1729 1961 1491 1198 1318 1826 1556 1636 1270 1821 1369 1082 1385 1329 1445 1919 1564 1570 1833 1096 1134 1619 1443 1266 1734 1989 1749 1045 1758 1487 1781 1376 1284 1400 1714 1268 1419 1538 1141 1575 1892 1977 1635 1776 1396 1595 1667 1522 1917 1068 1418 1479 1223 1698 1823 1239 1836 1355 1238 1864 1393 1812 BCNSPRNW ULIB Ver.6.0+V

เปลี่ยนเป็นภาษาไทย

Change to English
 แสดงรายละเอียดบรรณานุกรม
  กลับหน้าหลัก

Brief Record : Get Marc (ISO 2709) : E-mail record : QR code < ปิดหน้าต่าง
LEADER : 00000nam 2200000uu 4500
001    13399123174
003     ULIB
008    140520s2549||||th 000 0 tha d
020    ^a9789749476433
090    ^aนว.^bร387ล
100 0  ^aรัมย์
245 00 ^aลิขิตหัวใจในสวนรัก/^cรัมย์
250    ^aพิมพ์ครั้งที่ 1
260    ^aกรุงเทพฯ :^b1168 พับลิชชิ่ง,^c2549
300    ^a364 หน้า
710 1  ^a1168 พับลิชชิ่ง
945    ^p219^l0^i20322
995    ^aทศพร
999    ^aทศพร เกษรทอง
รายการนี้ยังไม่มีแท็ก
คุณยังไม่ได้ล็อกอิน คุณสามารถมีกิจกรรมร่วมกับเว็บไซต์ได้ แต่ต้องล็อกอินก่อน ::
  ล็อกอิน

รายการสื่อสารสนเทศ

ลำดับที่ ประเภท เลขเรียก/บาร์โค้ด สถานที่ สถานะ
1. นวนิยาย
นวนิยาย
นว. ร387ล ฉ.1 
  Barcode: 20322
ห้องสมุดวิทยาเขตนครสวรรค์
►นวนิยาย:l:Fiction
บนชั้น

รายการใกล้เคียง
    ผู้แต่ง [รัมย์]

BibComment


ยังไม่เคยถูกคอมเมนท์

คอมเมนท์ทรัพยากรรายการนี้
  คอมเมนท์: ลิขิตหัวใจในสวนร..


 Copyright 2026. Bcnsprnw @Library